London developers get cold feet (Record no. 73421)
[ view plain ]
| 000 -LEADER | |
|---|---|
| fixed length control field | 01184cam a2200217 4500 |
| 001 - CONTROL NUMBER | |
| control field | WB3935-03 |
| 008 - FIXED-LENGTH DATA ELEMENTS--GENERAL INFORMATION | |
| fixed length control field | 030917n2003 000 0 eng u |
| 035 ## - SYSTEM CONTROL NUMBER | |
| System control number | (Sirsi) u123641 |
| 245 ## - TITLE STATEMENT | |
| Title | London developers get cold feet |
| 260 ## - PUBLICATION, DISTRIBUTION, ETC. | |
| Date of publication, distribution, etc. | 2003 |
| 490 ## - SERIES STATEMENT | |
| Series statement | Estates Gazette |
| Volume/sequential designation | (0337) 13 September 2003, 34(1) |
| 520 ## - SUMMARY, ETC. | |
| Summary, etc. | The latest half-yearly survey of developers' intentions by DTZ shows that the lack of tenant demand has forced central London developers to reduce speculative development by 33% from six months ago. This is the fourth consecutive survey to record a drop and is greater than the previous six months' 15%. The survey examined 155 office schemes over 25 000sq ft with a total of 36.4m sq ft across central London, the fringes and Docklands which have planning permission but are not yet under construction. DTZ website http://www.dtzresearch.com/. Table. |
| 590 ## - LOCAL NOTE (RLIN) | |
| Local note | WB |
| 650 ## - SUBJECT ADDED ENTRY--TOPICAL TERM | |
| Topical term or geographic name entry element | LONDON |
| 650 ## - SUBJECT ADDED ENTRY--TOPICAL TERM | |
| Topical term or geographic name entry element | SPECULATIVE DEVELOPMENT |
| 650 ## - SUBJECT ADDED ENTRY--TOPICAL TERM | |
| Topical term or geographic name entry element | OFFICE SPACE |
| 650 ## - SUBJECT ADDED ENTRY--TOPICAL TERM | |
| Topical term or geographic name entry element | OFFICE DEVELOPMENT |
| 650 ## - SUBJECT ADDED ENTRY--TOPICAL TERM | |
| Topical term or geographic name entry element | PROPERTY-COMMERCIAL PROPERTY-OFFICE PROPERTY-OFFICE PROPERTY MARKET |
| 690 ## - LOCAL SUBJECT ADDED ENTRY--TOPICAL TERM (OCLC, RLIN) | |
| Topical term or geographic name as entry element | PROPERTY-COMMERCIAL PROPERTY-COMMERCIAL PROPERTY MARKET |
| 942 ## - ADDED ENTRY ELEMENTS (KOHA) | |
| Suppress in OPAC | 0 |
| Withdrawn status | Lost status | Source of classification or shelving scheme | Damaged status | Not for loan | Home library | Current library | Shelving location | Date acquired | Total Checkouts | Full call number | Barcode | Date last seen | Copy number | Price effective from | Koha item type |
|---|---|---|---|---|---|---|---|---|---|---|---|---|---|---|---|
| Dewey Decimal Classification | London | London | News article | 17/09/2003 | WB3935-03 | 123641-1001 | 06/08/2019 | 1 | 06/08/2019 | News article |